Programming techniques through c : a beginners companion (Record no. 174761)

MARC details
000 -LEADER
fixed length control field 00393nam a2200145Ia 4500
008 - FIXED-LENGTH DATA ELEMENTS--GENERAL INFORMATION
fixed length control field 231217s9999 xx 000 0 und d
041 ## - LANGUAGE CODE
Language code of text/sound track or separate title English
082 ## - DEWEY DECIMAL CLASSIFICATION NUMBER
Classification number 001.6424C VEN;2 R1
100 ## - MAIN ENTRY--PERSONAL NAME
Personal name Venkateshmurthy, M G
245 #0 - TITLE STATEMENT
Title Programming techniques through c : a beginners companion
260 ## - PUBLICATION, DISTRIBUTION, ETC.
Date of publication, distribution, etc. 2002
Name of publisher, distributor, etc. Pearson
Place of publication, distribution, etc. New Delhi
300 ## - PHYSICAL DESCRIPTION
Extent xii+271
650 ## - SUBJECT ADDED ENTRY--TOPICAL TERM
Topical term or geographic name entry element Programming
942 ## - ADDED ENTRY ELEMENTS (KOHA)
Koha item type Books
Holdings
Date last seen Total checkouts Full call number Accession number Cost, total (INR) price Price effective from Category Public note Lost status Damaged status Department Withdrawn status Home library Current library Entry date Vendor Cost, normal purchase price Grants Billnumber Billdate Currency symbol Conversion rate Discount Old discount Shelving location
26/01/2024   001.6424C VEN;2 R1 34457 100.00 26/01/2024 Books Missing 2015     Central Library   Central Library Central Library 17/05/2005 Sai Books 125.00 IS 2005/INV/000034 07/06/2008 RS 1 25 20  
26/01/2024   001.6424C VEN;3 34458 100.00 26/01/2024 Books       Central Library   Central Library Central Library 17/05/2005 Sai Books 125.00 IS 2005/INV/000034 07/06/2008 RS 1 25 20 Central Library
26/01/2024   001.6424C VEN;4 34459 100.00 26/01/2024 Books       Central Library   Central Library Central Library 17/05/2005 Sai Books 125.00 IS 2005/INV/000034 07/06/2008 RS 1 25 20 Central Library

© For any Suggestions or Query, please contact the library staff @ librarian@pes.edu or Phone: +9180 2672 1983/ 2108.